000 00733nam a2200205Ii 4500
003 JO-AjNU
008 230606s9999||||xx |||||||||||||| ||und||
020 _a978-1-108-49159-4
040 _aJO-AjNU
_beng
_erda
_cJO-AjNU
041 _aeng
050 1 4 _aHV6773.M3718 2021
100 3 _amarin,Ericsson…..ect,
_eauthor
_96683
245 0 0 _aExploring Malicious Hacker Communities:Toward Proactive Cyber-Defense
264 3 1 _aBRITISH: CMBRIDGE UNIVERSITY PRESS, 2021
300 _a210p
336 _atext
_btxt
_2rdacontent
337 _aunmediated
_bn
_2rdamedia
338 _avolume
_bnc
_2rdacarrier
650 4 _aCyber intelligence (Computer security) Hackers-Social networks-Social sciences-Networks analysis-Data mining
_96684
999 _aE3468
_c3462
_d3462